| 000 | 00590nam a2200205Ii 4500 | ||
|---|---|---|---|
| 001 | 5653 | ||
| 003 | CO-ViMGA | ||
| 008 | 241108s9999||||xx |||||||||||||| ||und|| | ||
| 040 |
_aCO-ViMGA _bspa _erda _cCO-ViMGA |
||
| 041 | 0 | _aunk | |
| 082 | 0 | 4 | _a839.312-R851 |
| 100 | 1 |
_aErasmo Rotterdam _954377 |
|
| 245 | 1 | 0 | _aElogio de la locura |
| 264 | 1 | _a[Lugar de publicación no identificado] : Bedout, 1975 | |
| 300 | _avolumen | ||
| 336 |
_atext _btxt _2rdacontent |
||
| 337 |
_aunmediated _bn _2rdamedia |
||
| 338 |
_avolume _bnc _2rdacarrier |
||
| 940 | _aidficha_siabuc: 5507. -- ficha_no_siabuc:5653 | ||
| 999 |
_c51334 _d51334 |
||